000
00263nam a22001097a 4500
008
170125b xxu||||| |||| 00| 0 eng d
020
_a
9781416001997
041
_a
eng
080
_2
7TH
_a
618.2
245
_a
VIRTUAL CLINICAL EXCURSIONS
_c
BLACK, J.M
942
_2
udc
_c
BK
999
_c
3642
_d
3642